Statistiques concernant Titres de films mal traduits

Cliquez ici pour prendre le quiz!

Statistiques générales

  • Ce quiz a été pris 331 fois
  • Le résultat moyen est 10 sur 24

Statistiques - réponses

HintRéponse% Correct
Tuez BillKill Bill
97%
Dieu ZillaGodzilla
96%
MatriceMatrix
95%
Le Chevalier SombreThe Dark Knight
72%
Meurt DurDie Hard
62%
ExtraterrestreAlien
61%
Piscine MorteDeadpool
58%
L'Émission de l'Homme VraiTruman Show
54%
Dos au futurBack to the Future
52%
Pourfendeurs de FantomesGhostbusters
47%
Tout seul à la maisonHome Alone
43%
MâchoiresJaws
43%
Confiture de l'EspaceSpace Jam
41%
L'homme à la BatteBatman
39%
Cinq nuits chez FrédoFive Nights at Freddy's
35%
GraisseGrease
33%
RocheuxRocky
24%
Partis avec le ventGone With the Wind
20%
Sauvetage du Ryan secretSaving Private Ryan
17%
Le LuisantThe Shining
16%
Idiot des BoisForrest Gump
9%
Anne CouloirAnnie Hall
4%
Le Sorcier des 28gThe Wizard of Oz
2%
Fougeux AbsentSpirited Away
0%

Distribution des résultats

Percentile par nombre de réponses

% des personnes avec chaque résultat

Votre développement - résultats

Vous n’avez pas pris ce quiz